000
00308nam a2200133Ia 4500
100
_a
Wasiloff/ Thomas
942
_c
BK
654
_a
Machine shop
245
_a
Machine shop-Parallel clamps
260
_b
American Technical Society
_a
Chicago
_c
1976
082
_a
670.423
300
_a
230
546
_a
ENGLISH
999
_c
21378
_d
21378